Fürstin Eleonore Liechtenstein, 1745-1812 : nach Briefen Und Memoiren ihrer Zeit /

Hlavní autor: Wolf, Adam, 1822-1883
Jazyk: Němčina
Vydáno: Wien : Carl Gerold, 1875
Fyzický popis: 1 sv.
Knihy
Uloženo v:
LEADER 00610nam a22001932a 4500
001 001462638
003 CZ BrMZK
005 20150320105359.0
007 ta
008 150320s1875 au er|||||||||||ger d
040 |a BOA001  |b cze 
100 1 |a Wolf, Adam,  |d 1822-1883  |7 pna2007370761  |4 aut 
245 1 0 |a Fürstin Eleonore Liechtenstein, 1745-1812 :  |b nach Briefen Und Memoiren ihrer Zeit /  |c Adam Wolf 
260 |a Wien :  |b Carl Gerold,  |c 1875 
300 |a 1 sv. 
910 |a BOA001  |b 2-0016.094 
990 |a BK 
993 |a Y 
996 6 |b 2618946884  |c 2-0016.094  |l MZK  |r Sklad / do 24 hodin  |n 1  |w 001497630  |u 000010  |a 1  |e BOA001  |j MZK50  |s P